00582nam a22001937a 450000500170000001000150001702000270003203500140005903700320007308200130010510000200011824500730013825000060021126000310021727000570024830000250030570000260033070000320035620250218105559.0 aENG-143829 a9789364445085c1150.00 aEN-127361 bDelivery Books Act Division 28a302.3 aLewicki, Roy J. aNegotiation/cby Roy J. Lewicki; Bruce Barry [and] David M. Saunders a8 aChennaibMcGraw Hillc2025 a5/90 A, Butt Road, St. Thomas MountbChennaie600016 axvii,685p.c24cm(pb) aBarry, Bruce eAuthor aSaunders, David M. eAuthor